| 000 | 00615nam a22001817a 4500 | ||
|---|---|---|---|
| 005 | 20251108165338.0 | ||
| 008 | 250721s9999 xx 000 0 ara d | ||
| 082 | 1 | 4 | _a961.1/جول |
| 100 | 1 | _aجوليان، شارل أندري | |
| 245 | 1 | 0 | _aالمعمرون الفرنسيون و حركة الشباب التونسي / |
| 264 | 1 |
_aتونس : _bالشركة التونسية للتوزيع، _c[19-]. |
|
| 300 | _a134ص : مص | ||
| 650 | 1 | 7 | _aتاريخ تونس |
| 700 | 1 |
_aمزالي، محمد _eترجمة |
|
| 700 | 1 |
_aبن سلامه، البشير _eترجمة |
|
| 942 |
_2ddc _cBK |
||
| 999 |
_c25621 _d25621 |
||